000
00312nam a22001457a 4500
020
_a
81-8423-099-0
082
_a
894.812
_b
JOH/G
100
_a
JOHN.T.C
245
_a
GADHIKAPPATTUKARANTE KALYANAM
260
_a
THRISSUR
_b
GREEN BOOKS
_c
2007
300
_a
75
520
_a
NOVEL
650
_a
NOVEL
942
_c
BK
999
_c
4911
_d
4911